• 首页
  • 本馆介绍
  • 公告通知
  • 最新文献
  • 馆藏检索
  • 电子资源
  • 读者导购
  • 参考咨询
  • 我的图书馆
  • 登录
  • 详细信息显示
  • 放入我的书架
  • 预约/预借图书
  • 作者相关作品
  • 分类相关作品
  • 丛书相关作品
  • 出版社相关作品

书目信息

  • 表格格式
  • 工作单格式
  • 卡片格式
题名:
劳动纠纷
    
 
作者: 牛丽 主编
分册:  
出版信息: 北京   中国检察出版社  2002.02
页数: 171页
开本: 20cm
丛书名:
单 册:
中图分类: D922.5
科图分类:
主题词: 法律--基本知识--中国 , 劳动法--民事纠纷--处理--基本知识--中国 , 法律 , 劳动法 , 民事纠纷
电子资源:
ISBN: 7-80086-903-2
000 00928nam0 2200325 45
001 1606
005 20020530085732.0
009 1606
010    @a7-80086-903-2@dCNY9.50
035    @a(110020)012002012033
100    @a20020423d2002 em y0chiy0110 ea
101 0  @achi
102    @aCN@b110000
105    @ay z 000yy
200 1  @a劳动纠纷@Alao dong jiu fen@f牛丽主编@Fniu li zhu bian
210    @a北京@c中国检察出版社@d2002.02
215    @a171页@d20cm
300    @a法律帮助一点通
330    @a本书包括劳动纠纷的预防、劳动纠纷中的法律责任及处理等。
606 0  @a法律@x基本知识@y中国
606 0  @a劳动法@x民事纠纷@x处理@x基本知识@y中国
606 0  @a法律
606 0  @a劳动法
606 0  @a民事纠纷
690    @aD922.5@v4
701  0 @a牛丽@Aniu li@4主编
801  0 @aCN@b110020@c20020425
905    @aBZT@dD922.5@e2@f6
906    @dCNY9.50@n0@r1
999    @tA@Ahy@a20020530 08:57:31@Ghy@g20020530 08:57:34
    
    劳动纠纷/牛丽主编.-北京:中国检察出版社,2002.02
    171页;20cm
    法律帮助一点通
    
    ISBN 7-80086-903-2:CNY9.50
    本书包括劳动纠纷的预防、劳动纠纷中的法律责任及处理等。
●
相关链接 在五车中查询图书 在当当中查询图书 在豆瓣中查询图书


正题名:劳动纠纷     索取号:D922.5/2         预约/预借

序号 登录号 条形码 馆藏地/架位号 状态 备注
1 2001740463   2001740463   样本书库/样005架A面5层2列/ [索取号:D922.5/2] 在馆    
2 364903   230084618   中心书库南/013架A面3层2列/ [索取号:D922.5/2] 在馆    
3 364905   230084617   中心书库南/013架B面7层2列/ [索取号:D922.5/2] 在馆    
4 364906   230084619   中心书库南/013架B面7层2列/ [索取号:D922.5/2] 在馆    
5 364907   230084620   中心书库南/012架B面7层3列/ [索取号:D922.5/2] 在馆    
山东省滨州职业学院图书馆 欢迎您!
大连网信软件有限公司© 版权所有